Les 100 prénoms de filles les plus donnés en 2020 - Statistiques

Statistiques générales
  • Ce quiz a été pris 768 fois
  • Le résultat moyen est 40 sur 100
Statistiques - réponses
Hint Réponse % Correct
20 Lou
90%
8 Léa
86%
1 Emma
83%
77 Marie
81%
12 Anna
78%
3 Louise
76%
6 Chloé
73%
2 Jade
69%
16 Juliette
68%
22 Camille
67%
18 Manon
67%
34 Sarah
66%
17 Zoé
65%
50 Clara
64%
58 Léana
63%
4 Alice
62%
5 Lina
61%
80 Lisa
61%
14 Inès
60%
21 Lola
60%
31 Lucie
60%
7 Rose
60%
13 Julia
59%
15 Léna
58%
36 Charlotte
55%
24 Jeanne
54%
27 Eva
53%
66 Lilou
53%
10 Ambre
49%
28 Romane
48%
71 Elise
47%
35 Louna
47%
23 Nina
47%
65 Alicia
45%
69 Lise
45%
44 Margot
45%
63 Mathilde
45%
47 Clémence
44%
72 Lily
44%
32 Luna
44%
11 Mia
44%
59 Anaïs
43%
37 Margaux
43%
73 Maria
42%
9 Mila
42%
81 Lila
41%
75 Valentine
41%
93 Maëlle
40%
78 Noémie
40%
85 Célia
39%
64 Maëlys
39%
98 Océane
38%
38 Olivia
38%
60 Gabrielle
37%
53 Lana
37%
42 Victoire
37%
41 Victoria
37%
79 Elsa
36%
92 Emmy
36%
19 Agathe
35%
51 | 94 Eléna
35%
30 Iris
34%
39 Sofia
34%
57 Théa
33%
33 Adèle
30%
76 Héloïse
30%
40 Charlie
29%
61 Emy
29%
29 Léonie
29%
74 Maya
27%
26 Romy
27%
62 Yasmine
26%
48 Alix
24%
45 Mya
24%
54 Lya
23%
89 Salomé
23%
88 Zélie
23%
52 Capucine
22%
46 Giulia
21%
83 Thaïs
20%
96 Amélia
19%
68 Roxane
18%
49 Aya
17%
90 Constance
17%
25 Inaya
17%
67 Apolline
15%
86 Candice
15%
55 Lyna
15%
43 Nour
15%
91 Soline
14%
97 Joy
12%
56 Lyana
12%
87 Livia
11%
82 Alya
10%
70 Assia
10%
84 Ilyana
7%
100 Arya
5%
99 Maïssa
4%
95 Maryam
2%
Aucun quiz correspondant
Distribution des résultats
% des personnes avec chaque résultat
Percentile par nombre de réponses
Votre historique - résultats
Vous n’avez pas pris ce quiz